Multiple Choice City Quiz – San Miguel, El Salvador - Statistics

General Stats
  • This quiz has been taken 8 times
  • The average score is 6 of 10
Answer Stats
Question Answer % Correct
What was the old name of San Miguel? San Miguel de la Frontera
100%
Who founded San Miguel? Luis de Moscoso Alvarado
83%
The National Theater Francisco Gavidia is which picture?
67%
What rank is the city in terms of Population? 4th
67%
What happened to San Miguel in 1655? Volcanic Eruption
67%
According to the legend, the disaster above only spared what? An image of Mary the Virgin
50%
Which sports center isn't in San Miguel? Estadio Cuscatlán
50%
What Potomac River City is sister cities with San Miguel? Arlington, Virginia
33%
What event is the biggest in all of El Salvador? San Miguel Carnival
33%
Which industry is San Miguel not good in? Technology
33%
No matching quizzes found
Score Distribution
Percent of People with Each Score
Percentile by Number Answered
Your Score History
You have not taken this quiz